[Event "Sparkassen Open 2018"]
[Site "Heusenstamm"]
[Date "2018.11.23"]
[Round "2"]
[White "Fruebing, Stefan"]
[Black "Lesny, Florian"]
[Result "1-0"]
[WhiteElo "2406"]
[BlackElo "2067"]
[Annotator "TA"]
[PlyCount "113"]
[EventDate "2018.11.22"]
[EventType "swiss"]
[EventCountry "GER"]

{[%evp 28,113,18,18,20,14,44,38,50,37,86,46,71,60,60,60,62,41,43,42,58,49,97,68,119,84,106,88,87,101,108,89,94,92,80,94,175,163,185,195,185,79,79,79,66,62,82,46,210,201,212,157,159,165,278,262,318,305,306,297,400,388,379,372,364,364,394,388,450,302,314,306,398,395,431,419,410,395,426,426,590,571,1052,1037,1015,1033,970,955]} 1. e4 c5 2. Nf3 d6 3. Bb5+ Bd7 4. Bxd7+ Qxd7 5. c4 Nc6 6. d4 cxd4 7. Nxd4 Nf6 8. Nc3 g6 9. f3 Bg7 10. Be3 Rc8 11. b3 O-O 12. O-O a6 13. a4 Qc7 {B52: Sicilian: Moscow Variation with 3...Bd7} (13... e6 14. Rc1 Rfd8 15. Kh1 d5 16. exd5 exd5 17. c5 Re8 18. Bf2 Ne5 19. Nce2 Bh6 20. Rc2 Bf8 21. Bh4 {0-1 (30) Hansen,E (2573)-Jones,G (2623) Berlin 2015}) 14. Qd2 e6 15. Rfd1 {LiveBook: 3 Games} Rfd8 {The position is equal.} 16. Rac1 Ne8 $146 ({Predecessor:} 16... Na5 17. Qb2 Nc6 18. Qf2 Nd7 19. Nd5 exd5 20. cxd5 {0-1 (34) Dolzhikova,K (2351)-Pogonina,N (2474) Beijing 2008}) 17. Nde2 Rd7 18. Kh1 Rcd8 19. Qe1 Nf6 20. Qf2 Qb8 21. Bb6 Re8 22. Qg3 Nh5 23. Qh3 Nf6 24. Rc2 Ne7 25. f4 Nc8 ({Better is} 25... Qc8 $14) 26. Be3 Red8 27. Rcd2 b6 28. f5 exf5 29. exf5 {Strongly threatening Bg5.} Ne7 30. fxg6 hxg6 31. Qf3 Nf5 {[#]} (31... Re8 $16 {keeps fighting.}) 32. Bg5 $1 $18 {aiming for g4.} Re8 33. g4 Nh7 34. Bf4 (34. gxf5 $18 Nxg5 35. Qg2) 34... Nh4 $16 35. Qc6 Rc7 36. Qxd6 Qb7+ 37. Qd5 {[#] Threatens to win with Bg3.} Qxd5+ $2 (37... Rc6 $1 $14 38. g5 Qc8) 38. Nxd5 $18 Rb7 39. Nec3 Nf3 40. Rd3 $36 {[%mdl 2048] Keeping Black busy.} Nfg5 (40... Ne5 {is a better defense.}) 41. Nc7 Rf8 42. N3d5 ({But not} 42. Nxa6 $6 Ne6 $18) 42... Ne4 43. Kg2 ({Weaker is} 43. Nxa6 Nf2+ 44. Kg2 Nxd1 $16) 43... Nc5 44. Re3 Nf6 45. Nxf6+ Bxf6 46. Nd5 Bb2 47. Bd6 Ra8 48. Nxb6 Rxb6 49. Bxc5 Rb7 50. a5 Rab8 51. Bb6 Ba3 52. Rd5 Rc8 53. g5 {White is clearly winning.} Bc1 54. Red3 Bb2 55. Rd8+ Rxd8 56. Rxd8+ Kg7 57. c5 {Precision: White = 52%, Black = 33%.} 1-0

[Event "Sparkassen Open 2018"]
[Site "Heusenstamm"]
[Date "2018.11.23"]
[Round "2"]
[White "Braun, Michael"]
[Black "Geske, Julian"]
[Result "1/2-1/2"]
[WhiteElo "2365"]
[BlackElo "2382"]
[Annotator "TA"]
[PlyCount "75"]
[EventDate "2018.11.22"]
[EventType "swiss"]
[EventCountry "GER"]

{[%evp 11,75,27,26,7,6,8,12,12,31,0,3,0,27,35,28,16,19,7,9,8,15,15,14,0,0,-21,-22,-31,-9,-18,-28,-42,-42,-43,-28,-39,-46,-33,-26,-36,-13,-7,0,-47,-30,-29,-33,-41,0,-9,-4,-10,0,-9,-20,-19,84,0,0,0,0,0,0,0,0,0]} 1. d4 d5 2. Bf4 Nf6 3. e3 Bf5 4. c4 c6 5. Nc3 Qb6 (5... e6 6. Qb3 Qc8 7. Nf3 Nbd7 8. h3 Be7 9. Be2 O-O 10. O-O Nb6 11. c5 Nbd7 12. Qd1 Ne4 13. Rc1 Re8 14. Nxe4 Bxe4 15. Nd2 Bg6 16. Bh2 a5 17. Nb1 Bd8 18. Nc3 e5 19. Re1 Bc7 {½-½ (60) Grischuk,A (2810)-Wang,H (2710) Beijing 2014}) 6. Qb3 {D10: Slav Defence: 3 cxd5 (without early Nf3) and 3 Nc3} Nbd7 {LiveBook: 8 Games} 7. c5 Qxb3 8. axb3 e5 9. dxe5 Ng4 10. b4 {next Nf3 is good for White.} Ngxe5 11. Nf3 Nd3+ $146 ({Predecessor:} 11... Nxf3+ 12. gxf3 Be7 13. e4 dxe4 14. fxe4 {0-1 (42) Heisel,G (2091)-Smith,T (2215) Germany 2015}) 12. Bxd3 $1 Bxd3 13. Kd2 Bg6 14. Nd4 Be7 15. h4 {[%cal Bh2h4,Bh4h5][%mdl 32] [#] Strongly threatening h5.} h6 16. h5 Bh7 17. g4 O-O 18. Nce2 {[#]} a5 $1 {[%mdl 512]} 19. Rxa5 Rxa5 20. bxa5 Nxc5 21. Ra1 Ne4+ 22. Ke1 Ra8 23. Bc7 Rc8 24. Bf4 Nc5 25. Nc1 Kf8 26. Ke2 Ke8 27. Ndb3 Ne6 28. Be5 f6 {[%cal Bf7f6,Bf6f5][%mdl 32]} 29. Bc3 f5 30. Nd4 Nxd4+ 31. Bxd4 Bf8 32. a6 bxa6 33. Rxa6 Kd7 (33... c5 $11 34. Be5 fxg4) 34. Ra7+ (34. Nd3 $16) 34... Rc7 $1 $11 {[%cal Rc7a7] The position is equal.} 35. Ra8 Rc8 $1 {[%cal Rc8a8]} 36. Ra7+ Rc7 $1 {[%cal Rc7a7]} 37. Ra8 Rc8 $1 {[%cal Rc8a8]} 38. Ra7+ {Accuracy: White = 49%, Black = 47%.} 1/2-1/2

[Event "Sparkassen Open 2018"]
[Site "Heusenstamm"]
[Date "2018.11.23"]
[Round "2"]
[White "Baskin, Robert"]
[Black "Vlassis, Georgios"]
[Result "1-0"]
[WhiteElo "2354"]
[BlackElo "2053"]
[Annotator "TA"]
[PlyCount "123"]
[EventDate "2018.11.22"]
[EventType "swiss"]
[EventCountry "GER"]

{[%evp 9,123,66,95,83,96,87,107,94,92,69,106,99,108,92,92,53,64,55,64,43,54,23,90,68,92,95,118,91,97,92,104,73,79,56,68,58,47,45,66,44,76,64,143,138,137,131,150,145,249,253,265,267,336,44,44,44,64,77,275,218,259,223,239,239,239,239,233,215,231,229,281,281,277,277,274,270,305,305,297,295,295,295,512,512,512,512,512,512,520,512,512,512,512,512,512,512,512,512,505,491,491,429,422,415,415,414,414,414,399,392,526,392,516,377,479,407]} 1. e4 c5 2. Nf3 a6 3. c3 d6 4. d4 b6 (4... Nf6 5. Bd3 Bg4 6. O-O e6 7. Be3 Be7 8. Nbd2 Nbd7 9. a4 Qc7 10. Re1 Bh5 11. a5 O-O 12. Nf1 cxd4 13. cxd4 {1-0 (53) Van Foreest,L (2488)-Ikonnikov,V (2536) Dieren 2018}) 5. Bd3 Qc7 6. O-O {B28: Sicilian: 2 Nf3 a6 (O'Kelly Variation)} Nd7 $146 ({Predecessor:} 6... g6 7. Bf4 Nf6 8. Re1 Nh5 9. Be3 Bg7 10. Nbd2 Nc6 11. d5 Ne5 12. Nxe5 Bxe5 {1-0 (67) Leite,S (1734)-Lakat,G (1802) Budapest 2014}) 7. Nbd2 {[%cal Bb1d2,Bd2f1,Bf1g3,Bg3f5][%mdl 32]} Bb7 8. a4 {White is better.} Ngf6 9. Re1 e6 {[#]} 10. d5 $1 e5 11. b4 Be7 12. Nf1 O-O 13. Ng3 Rfc8 14. Nf5 Bf8 $1 15. Bd2 Ne8 (15... cxb4 $11 16. cxb4 Qd8) 16. Rc1 Ndf6 17. h3 Kh8 18. Nh2 g6 19. Nh6 Ng8 20. Nxg8 Kxg8 21. f4 exf4 22. Bxf4 Bg7 23. Nf3 Nf6 24. Nd2 cxb4 25. cxb4 Qxc1 (25... Qe7 $14) 26. Qxc1 $16 Rxc1 27. Rxc1 Ne8 28. Be3 b5 (28... Rb8 $16 {keeps fighting.} 29. b5 (29. Bxb6 Bh6 $16) 29... axb5) 29. axb5 $18 axb5 30. Bxb5 Nf6 31. Rc7 $2 {[#]} (31. Bc6 $18 Rb8 32. b5) 31... Bxd5 $1 $14 32. Bd3 Be6 33. b5 {b6 is the strong threat.} Nd7 $2 (33... d5 $16) 34. b6 Nc5 35. b7 Rb8 36. Bxc5 dxc5 37. Ba6 Be5 38. Rc8+ Kg7 39. Nf3 Bg3 40. e5 Bxc8 41. bxc8=Q ({But not} 41. bxc8=R $6 Rb1+ 42. Bf1 Rc1 $18) 41... Rxc8 42. Bxc8 h5 43. Kf1 Kf8 44. Ke2 Ke7 45. Kd3 g5 $2 (45... f6 46. exf6+ Kxf6) 46. Nxg5 $18 Bxe5 47. Ne4 Kf8 48. Nxc5 Kg7 49. Ne4 Kg6 50. Nd2 Bd6 51. Ke4 Bc7 52. Bd7 Bb8 53. Nf3 Bc7 54. Bb5 Bb8 55. Bd3 Kf6 56. Kd5 Bg3 57. Kc6 Ke7 58. Be2 Kf6 59. Kd7 Kf5 60. Nd4+ Kg5 61. Ke7 f5 62. Ke6 {Precision: White = 61%, Black = 38%.} 1-0

[Event "Sparkassen Open 2018"]
[Site "Heusenstamm"]
[Date "2018.11.23"]
[Round "2"]
[White "Hacker, Jonas"]
[Black "Foermes, Alexander"]
[Result "1-0"]
[WhiteElo "2350"]
[BlackElo "2061"]
[Annotator "TA"]
[PlyCount "83"]
[EventDate "2018.11.22"]
[EventType "swiss"]
[EventCountry "GER"]

{[%evp 15,83,-3,2,-25,-18,-33,0,-7,-7,-21,-12,-23,-23,-23,-10,-40,29,29,20,20,29,25,6,26,113,114,114,109,111,107,118,105,115,89,85,87,87,87,81,86,96,89,86,86,88,88,88,83,79,73,104,81,76,81,99,103,111,88,81,75,81,64,64,57,58,65,67,60,5912,5912]} 1. e4 c6 2. d4 d5 3. Nd2 dxe4 4. Nxe4 Bf5 5. Ng3 Bg6 6. Nf3 e6 7. Ne5 Nd7 8. Nxg6 hxg6 9. Ne4 {B18: Classical Caro-Kann: 4...Bf5 sidelines} Ngf6 10. Bd3 (10. Nxf6+ gxf6 11. c3 Qc7 12. g3 O-O-O 13. Bg2 f5 14. O-O Bh6 15. b4 Nf6 16. b5 Bxc1 17. Qxc1 cxb5 {0-1 (62) Panarin,M (2558)-Popov,I (2648) St Petersburg 2015}) 10... Qb6 $146 ({Predecessor:} 10... Nxe4 11. Bxe4 Nf6 12. Bf3 Bd6 13. h3 Qd7 14. Qd3 Bc7 15. Be3 Nd5 16. O-O-O Nxe3 17. fxe3 O-O-O 18. c4 Kb8 19. Rd2 {1-0 (41) Kvaternik,S (1844)-Kaluza,D (1503) Rijeka 2018}) 11. c3 {The position is equal.} c5 12. dxc5 Nxc5 13. Nxf6+ gxf6 14. Bc2 Rd8 15. Qe2 Qd6 ({Better is} 15... Bh6 $15 16. b4 Bxc1 17. Rxc1 Nd7) 16. h3 $11 Nd3+ 17. Bxd3 Qxd3 18. Qxd3 Rxd3 19. Be3 a6 {[#]} (19... Bh6 $11) 20. Bd4 $1 $16 e5 21. Ke2 e4 22. Bxf6 Rh5 23. Bd4 (23. Rad1 {keeps more tension.} Rb5 24. b3 Rbd5 25. Bd4 Rxd1 26. Rxd1 f5 27. g4) 23... Bc5 24. Bxc5 Rxc5 {[%mdl 4096] Endgame KRR-KRR} 25. Rhd1 Rb5 26. Rab1 Rxd1 27. Kxd1 {KR-KR} Rg5 28. g3 e3 29. Ke2 exf2 30. Kxf2 Ra5 31. Re1+ Kd7 32. a3 Rh5 33. Kg2 Rd5 34. Kf3 Rd2 35. Re2 Rd3+ 36. Re3 Rd2 37. b4 b5 38. Ke4 {[#] Rd3+ is the strong threat.} Ke6 39. Kf4+ Kf6 40. h4 Rd1 41. Rf3 Rd2 $2 {[%mdl 8192]} (41... Kg7 $14) 42. Ke3+ {[%mdl 64] Discovered Attack (Double check). Accuracy: White = 74%, Black = 49%.} 1-0

[Event "Sparkassen Open 2018"]
[Site "Heusenstamm"]
[Date "2018.11.23"]
[Round "2"]
[White "Mueller, Werner"]
[Black "Andreev, Eduard"]
[Result "0-1"]
[WhiteElo "2218"]
[BlackElo "2425"]
[Annotator "TA"]
[PlyCount "90"]
[EventDate "2018.11.22"]
[EventType "swiss"]
[EventCountry "GER"]

{[%evp 23,90,-40,-21,-50,-59,-50,-56,-43,-52,-68,-57,-62,-48,-131,-50,-67,-48,-65,-59,-79,-69,-81,-68,-97,-89,-120,-124,-151,-147,-165,-114,-115,-110,-132,-130,-142,-129,-146,-131,-168,-157,-151,-150,-221,-150,-139,-120,-188,-187,-233,-242,-264,-256,-252,-246,-441,-437,-600,-581,-538,-401,-381,-394,-607,-596,-607,-572,-563,-544]} 1. Nf3 c5 2. e4 d6 3. d3 Nf6 4. g3 g6 5. Bg2 Bg7 6. Nbd2 O-O 7. O-O Nc6 8. a4 e5 9. Nc4 h6 10. h3 Be6 11. Qe2 Re8 12. c3 Qc7 13. Re1 {A05: Réti Opening: 1 Nf3 Nf6} (13. Ne3 Qd7 14. Kh2 d5 15. exd5 Nxd5 16. Nc4 Qc7 17. Re1 Rad8 18. Qc2 Ndb4 19. cxb4 Nxb4 20. Qe2 Nxd3 {0-1 (47) Vesselovsky,S (2455)-Shipov,S (2525) Moscow 1994}) 13... Rad8 14. Bd2 d5 15. exd5 {Black is slightly better.} Bxd5 16. Be3 ({Don't go for} 16. Nfxe5 $2 Bxc4 17. Bxc6 Bxd3 $19) 16... b6 17. Rad1 $146 ({Predecessor:} 17. Nh2 Qd7 {½-½ (49) Schlosser,M (2335)-Vyskocil,N (2374) Austria 2007}) 17... Qb7 18. Bc1 {[#]} (18. Qf1 $15) 18... Kh7 (18... Nd4 $1 $17 {[%cal Rd4e2][%mdl 512]} 19. cxd4 exd4) 19. Nh4 Qd7 20. Kh2 Bxg2 21. Kxg2 Nd5 22. Qg4 Re6 23. Kh2 f5 24. Qf3 {[#]} Nce7 $1 {[%cal Bc6e7,Be7d5,Bd5f6,Bf6g4][%mdl 32]} 25. a5 b5 26. Ne3 Qc7 (26... Rd6 $19 27. Nxd5 Rxd5) 27. Nxd5 $17 Nxd5 28. Ng2 Qxa5 29. h4 Nf6 30. Ne3 Qb6 31. Kg2 h5 {[%cal Bh6h5,Bh5g4][%mdl 32]} 32. Nc2 Ng4 33. Be3 (33. Bg5 $17 Bf6 34. Bxf6 Nxf6 35. Ne3) 33... Qc7 34. Bg5 Rd7 35. Ne3 (35. d4 $17 {was necessary.}) 35... Red6 $19 36. Nxg4 hxg4 37. Qe2 Qc6+ 38. Kg1 a5 39. Qe3 $2 (39. Be3) 39... c4 40. d4 exd4 41. cxd4 Rxd4 42. Rxd4 Rxd4 (42... Bxd4 $2 43. Qe8 $19) 43. Qc1 (43. Qe7 $142) 43... Qf3 {Black is clearly winning.} 44. Be3 Rd7 45. Qc2 a4 {Accuracy: White = 33%, Black = 70%.} 0-1

[Event "Sparkassen Open 2018"]
[Site "Heusenstamm"]
[Date "2018.11.23"]
[Round "2"]
[White "Hinrichs, Niklas"]
[Black "Sadzikowski, Daniel"]
[Result "0-1"]
[WhiteElo "2124"]
[BlackElo "2544"]
[Annotator "TA"]
[PlyCount "34"]
[EventDate "2018.11.22"]
[EventType "swiss"]
[EventCountry "GER"]

{[%evp 15,34,0,0,0,16,0,0,-56,-79,-74,-70,-167,-173,-205,-152,-756,-745,-887,-438,-892,-890]} 1. d4 Nf6 2. c4 g6 3. Nc3 Bg7 4. e4 d6 5. f3 O-O 6. Be3 c5 7. d5 e6 8. dxe6 Bxe6 9. Qd2 {E81: King's Indian: Sämisch: 6th move deviations (including 6 Be3 c6)} (9. Bd3 Nc6 10. Nge2 a6 11. Nf4 Nd7 12. O-O Nde5 13. Nxe6 fxe6 14. f4 Nd7 15. Qd2 Qe7 16. Rad1 Bd4 {0-1 (59) Noe,C (2487)-Kantans,T (2487) Neustadt an der Weinstrasse 2018}) 9... Nc6 {[%cal Bb8c6,Bc6d4,Bd4c2][%mdl 32]} 10. b3 a6 $146 {[%cal Ba7a6,Ba6b5][%mdl 32]} ({Predecessor:} 10... Qa5 11. Nge2 a6 12. Rc1 Rad8 13. Nf4 Nd4 14. Bd3 Nd7 15. O-O Ne5 16. Rfd1 Nexf3+ {0-1 (16) Jagstaidt,G-Stoecklin,C (2125) Biel 1995}) 11. Nge2 ({White should play} 11. Rc1 $11) 11... b5 $1 $15 {[%cal Rb5b4]} 12. cxb5 axb5 {[#] And now ...b4 would win.} 13. Rd1 (13. Rc1 $1 $15) 13... Qa5 $19 14. Qxd6 Nd4 15. Bd2 $2 (15. Bxd4 $17 cxd4 16. b4 (16. Rxd4 Nxe4 17. fxe4 Rfd8 $17)) 15... Rfd8 {Black is clearly winning.} 16. Qe7 Nc2+ 17. Kf2 {With the idea Nd5.} Qb6 0-1

[Event "Sparkassen Open 2018"]
[Site "Heusenstamm"]
[Date "2018.11.23"]
[Round "2"]
[White "Rudolph, Peter"]
[Black "Nikolov, Momchil"]
[Result "0-1"]
[WhiteElo "2120"]
[BlackElo "2560"]
[Annotator "TA"]
[PlyCount "46"]
[EventDate "2018.11.22"]
[EventType "swiss"]
[EventCountry "GER"]

{[%evp 13,46,23,27,6,27,23,17,21,32,0,0,0,5,0,1,0,15,-35,-36,-174,-148,-206,-201,-207,-194,-279,-279,-262,-225,-229,-223,-360,-341,-587,-582]} 1. d4 Nf6 2. g3 c5 3. d5 e6 4. c4 exd5 5. cxd5 d6 6. Nc3 g6 7. Bg2 Bg7 {LiveBook: 1731 Games. A60: Modern Benoni: Early Divergences} 8. Nh3 (8. Nf3 O-O 9. O-O a6 10. a4 Re8 11. Bf4 Qc7 12. h3 Nbd7 13. Qd2 Rb8 14. Rab1 b5 15. axb5 axb5 16. b4 Ne4 17. Nxe4 Rxe4 18. Ng5 Re8 19. Ne4 Rxe4 20. Bxe4 c4 {1-0 (38) Xiong,J (2640)-Onischuk,A (2681) Saint Louis 2018}) 8... Bxh3 $146 ({Predecessor:} 8... O-O 9. O-O Re8 10. f3 a6 11. a4 Nbd7 12. Nf2 Rb8 13. a5 b5 14. axb6 Nxb6 15. Qd3 {0-1 (40) Bazeev,G (2322)-Levin,E (2512) St Petersburg 2013}) 9. Bxh3 O-O {White has an edge.} 10. O-O Re8 11. a4 Na6 {[%cal Bb8a6,Ba6b4,Bb4d3][%mdl 32]} 12. Bg2 Nb4 13. Ra3 a6 14. a5 Nd7 15. f4 b5 16. e4 {[#]} (16. axb6 $15 Nxb6 17. e4) 16... c4 $1 $19 {[%cal Bc5c4,Bc4d3][%mdl 32]} 17. Na2 (17. e5 $17) 17... Nd3 18. Rxd3 cxd3 19. b4 (19. Nb4 $142) 19... Qf6 20. Be3 Qb2 21. Rf2 {[#]} Qa1 $1 {[%cal Ra1d1]} 22. Nc1 (22. Qxa1 $142 Bxa1 23. Rf1) 22... Rac8 23. Qxd3 $2 (23. Rf1 {was forced.}) 23... Rc3 {Accuracy: White = 34%, Black = 77%.} 0-1

[Event "Sparkassen Open 2018"]
[Site "Heusenstamm"]
[Date "2018.11.23"]
[Round "2"]
[White "Gallasch, Jonas"]
[Black "Enchev, Ivajlo"]
[Result "0-1"]
[WhiteElo "2100"]
[BlackElo "2496"]
[Annotator "TA"]
[PlyCount "77"]
[EventDate "2018.11.22"]
[EventType "swiss"]
[EventCountry "GER"]

{[%evp 22,77,37,35,30,2,33,9,18,-11,-10,-20,9,19,8,14,7,0,0,0,0,0,16,0,0,0,0,0,0,0,0,0,0,0,0,0,0,-8,0,-17,0,0,673,-93,-93,-152,-125,-137,-131,-136,-143,-176,-180,-181,-167,-159,-159,-29985]} 1. Nf3 Nf6 2. c4 e6 3. d4 c5 4. Nc3 cxd4 5. Nxd4 Bb4 6. Bd2 Nc6 7. Nxc6 bxc6 8. a3 Be7 9. e4 e5 10. Be3 d6 11. Be2 O-O 12. O-O Be6 {B44: Sicilian: Taimanov: 5 Nb5} 13. f3 Nh5 {[%cal Bf6h5,Bh5f4,Bf4e2][%mdl 32]} 14. Qd2 Nf4 {The position is equal.} 15. Kh1 $146 (15. Rfd1 {keeps more tension.} a5 16. Bf1 Qb8 17. Qc2 Rd8 18. Na4) 15... Nxe2 16. Qxe2 Qc8 17. b4 a5 18. Na4 Qb7 19. Nb6 Ra6 {Threatens to win with ...axb4.} 20. c5 dxc5 21. bxc5 a4 22. Rfd1 Ra5 23. Rab1 Qa7 $1 24. Qf2 Rb8 25. f4 exf4 26. Bxf4 Re8 27. Bd6 Bb3 28. Rd3 Rb5 29. e5 Bd8 {[%cal Rd8b6]} 30. Rg3 Re6 {[%cal Rd8b6]} 31. Rf1 Rg6 $2 {[%mdl 8192] [#]} (31... Qb7 $11) 32. Qf3 $2 {[#]} (32. Rxb3 $1 $18 {[%mdl 512]} Rxb3 (32... axb3 33. Nc8) 33. Nc8 Rxg2 34. Nxa7 Rxf2 35. Rxf2) 32... Qb7 $1 $17 33. Qc3 (33. Qe4 $142) 33... Bxb6 34. cxb6 Qxb6 {Black is clearly better.} 35. Rc1 Bd5 {aiming for ...Rb2.} 36. Bc5 Rxg3 37. hxg3 Qd8 {Strongly threatening ...Rb3.} 38. Bb4 Qg5 39. Qd3 $2 {Accuracy: White = 37%, Black = 68%.} (39. Qe1 $17) 0-1

[Event "Sparkassen Open 2018"]
[Site "Heusenstamm"]
[Date "2018.11.23"]
[Round "2"]
[White "Sanati, Charlotte"]
[Black "Barski, Radoslaw"]
[Result "0-1"]
[WhiteElo "2096"]
[BlackElo "2459"]
[Annotator "TA"]
[PlyCount "64"]
[EventDate "2018.11.22"]
[EventType "swiss"]
[EventCountry "GER"]

{[%evp 15,64,43,55,13,53,-34,-34,-16,-27,-29,-25,-26,-24,-91,0,-93,-89,-109,-104,-101,-105,-217,-208,-291,-293,-336,-345,-341,-347,-329,-307,-433,-441,-441,-289,-393,-379,-354,-355,-565,-570,-687,-684,-788,-779,-760,-743,-942,-948,-1340,-1335]} 1. d4 Nf6 2. c4 g6 3. Nc3 Bg7 4. e4 d6 5. f3 O-O 6. Be3 b6 7. Qd2 c5 8. Nge2 Ba6 {LiveBook: 8 Games. E82: King's Indian: Sämisch: 6...b6} 9. Ng3 $146 ({Predecessor:} 9. b3 e6 10. Rd1 Nc6 11. d5 exd5 12. exd5 Ne5 13. Ng3 Nfd7 14. Be2 f5 15. O-O Nf7 16. Rfe1 {0-1 (44) Fedoseev,V (2664)-Kokarev,D (2611) Khanty-Mansiysk 2015}) 9... e6 10. Be2 ({White should try} 10. d5 $14) 10... Nc6 $15 {[%cal Bb8c6,Bc6d4,Bd4e2][%mdl 32] Black is slightly better.} 11. d5 Nd4 $1 12. Rc1 Nxe2 13. Ncxe2 exd5 14. exd5 {[#]} (14. cxd5 $11 {remains equal.} h5 15. h4) 14... Re8 (14... b5 $1 $17) 15. Bg5 (15. a4 $11) 15... b5 $17 16. b3 Qb6 17. O-O Nd7 18. Ne4 (18. Bh6 $17) 18... f5 19. Nf2 bxc4 20. bxc4 Qb4 21. Rfe1 Qxd2 22. Bxd2 Nb6 23. Bf4 (23. Nh3 $142) 23... Bxc4 $19 24. Rc2 Be5 25. Nh3 Bd3 26. Rd2 Bd4+ 27. Kf1 (27. Nxd4 {was necessary.} Rxe1+ 28. Kf2 Rf1+ 29. Kg3) 27... Ba6 {Black is clearly winning.} 28. Rc1 Nxd5 29. Bxd6 Be3 30. Rxd5 Bxc1 31. Be5 Be3 32. Ke1 Bc4 {[%mdl 64] Double Attack. Accuracy: White = 21%, Black = 63%.} 0-1

[Event "Sparkassen Open 2018"]
[Site "Heusenstamm"]
[Date "2018.11.23"]
[Round "2"]
[White "Hess, Steffen"]
[Black "Zuyev, Igor"]
[Result "0-1"]
[WhiteElo "2092"]
[BlackElo "2435"]
[Annotator "TA"]
[PlyCount "82"]
[EventDate "2018.11.22"]
[EventType "swiss"]
[EventCountry "GER"]

{[%evp 17,81,-12,-16,-12,-13,-29,-29,-27,-25,-25,-24,-32,-35,-36,-36,-50,-44,-40,-25,-26,9,0,0,0,0,0,12,0,0,-71,-70,-70,-54,-64,-70,-57,-22,-23,-26,-89,-61,-79,-77,-98,-98,-98,-77,-99,-104,-1175,-1152,-1115,-1052,-983,-860,-2721,-2402,-29995,-29996,-29996,-29997,-29997,-29998,-29998,-29999,-29999]} 1. d4 Nf6 2. Nf3 e6 3. e3 c5 4. Bd3 d5 5. c3 Be7 6. Nbd2 {D05: Colle System with ...e6} O-O 7. O-O b6 8. Ne5 (8. b3 Ba6 9. Bxa6 Nxa6 10. Qe2 Qc8 11. Ba3 Qb7 12. c4 Rac8 13. Rac1 Rc7 14. cxd5 Nxd5 {1-0 (55) Paravyan,D (2551)-Morozevich,A (2675) St Petersburg 2017}) 8... Bb7 9. f4 Ne4 {LiveBook: 10 Games} 10. Qc2 {[%cal Rd2e4]} f5 11. Ndf3 c4 $146 ({Predecessor:} 11... Qc7 12. Bd2 Ba6 {½-½ (35) Paszkiewicz,S (2222)-Tazbir,M (2413) Koszalin 2006}) 12. Be2 $1 Qc7 13. Bd2 Nc6 14. Nxc6 Bxc6 15. Be1 b5 16. Bh4 Bxh4 17. Nxh4 {[#]} b4 $1 {[%mdl 512]} 18. cxb4 Rab8 19. b3 Rxb4 20. Rfc1 Rc8 21. Nf3 c3 22. a3 Rb6 $36 {[%mdl 2048] White is under pressure.} 23. Bd3 (23. Ne5 $11 {keeps the balance.}) 23... Bb5 $17 {Threatens to win with ...Bxd3.} 24. Ne5 Bxd3 25. Nxd3 a5 26. b4 axb4 27. axb4 Qc4 28. Ra3 {[#]} (28. Ra5 $11 {remains equal.}) 28... Ra6 $1 {[%cal Ra6a3]} 29. Rxa6 Qxa6 30. Nc5 {[#]} Qc4 $1 31. Nxe6 Qxb4 32. Qa2 Qb7 33. Qa5 $2 {[%mdl 8192]} (33. Qc2 $17) 33... Qb2 $19 {[%cal Rb2c1]} 34. Rf1 Qe2 35. h3 {[#]} Qxf1+ $1 {[%mdl 512]} 36. Kh2 (36. Kxf1 c2) 36... Nf2 {( -> ...Qh1+)} 37. Qa7 Qh1+ {Black mates.} 38. Kg3 Ne4+ 39. Kh4 Qe1+ {[%mdl 64] Double Attack} 40. Kh5 g6+ 41. Kh6 Qh4# {Accuracy: White = 40%, Black = 95%.} 0-1

[Event "Sparkassen Open 2018"]
[Site "Heusenstamm"]
[Date "2018.11.23"]
[Round "2"]
[White "Dickel, Jens"]
[Black "Hirneise, Jens"]
[Result "0-1"]
[WhiteElo "2077"]
[BlackElo "2370"]
[Annotator "broadcasts RC"]
[PlyCount "86"]
[EventDate "2018.11.22"]
[EventType "swiss"]
[EventCountry "GER"]
[TimeControl "40/5400+30:1800+30"]

1. d4 {[%emt 0:00:00]} Nf6 {[%emt 0:00:00]} 2. c4 {[%emt 0:00:00]} g6 {[%emt 0:00:03]} 3. Nc3 {[%emt 0:00:39]} Bg7 {[%emt 0:00:05]} 4. e4 {[%emt 0:00:16]} d6 {[%emt 0:00:04]} 5. f4 {[%emt 0:00:17]} O-O {[%emt 0:00:46]} 6. Nf3 {[%emt 0:00:29]} c5 {[%emt 0:00:33]} 7. d5 {[%emt 0:00:17]} e6 {[%emt 0:01:00]} 8. Be2 {[%emt 0:00:32]} exd5 {[%emt 0:00:25]} 9. cxd5 {[%emt 0:00:24]} Bg4 {[%emt 0:01:06]} 10. O-O {[%emt 0:04:37]} Nbd7 {[%emt 0:01:47]} 11. a4 {[%emt 0:08:33]} Ne8 {[%emt 0:02:03]} 12. Bd2 {[%emt 0:15:35]} Rb8 {[%emt 0:03:45]} 13. Ng5 {[%emt 0:02:49]} Bxe2 {[%emt 0:01:09]} 14. Qxe2 {[%emt 0:00:13]} a6 {[%emt 0:10:03]} 15. Rae1 {[%emt 0:18:36]} c4 {[%emt 0:06:43]} 16. Qxc4 Qb6+ {[%emt 0:16:58]} 17. Be3 {[%emt 0:10:04]} Qxb2 {[%emt 0:02:19]} 18. Nd1 {[%emt 0:00:46]} Qf6 {[%emt 0:02:22]} 19. e5 {[%emt 0:06:33]} dxe5 {[%emt 0:05:47]} 20. fxe5 {[%emt 0:00:11]} Qxe5 {[%emt 0:00:42]} 21. Nf2 {[%emt 0:09:05]} h5 {[%emt 0:10:35]} 22. Nd3 {[%emt 0:05:46]} Qc3 {[%emt 0:06:04]} 23. Rc1 {[%emt 0:02:22]} Qxc4 {[%emt 0:08:13]} 24. Rxc4 {[%emt 0:00:02]} Nef6 {[%emt 0:00:04]} 25. Rb1 {[%emt 0:03:51]} Nxd5 {[%emt 0:00:34]} 26. Ba7 {[%emt 0:00:39]} b5 {[%emt 0:02:00]} 27. axb5 {[%emt 0:01:43]} axb5 {[%emt 0:04:12]} 28. Rc6 {[%emt 0:01:11]} Rb7 {[%emt 0:00:16]} 29. Bf2 {[%emt 0:00:32]} Re8 {[%emt 0:03:02]} 30. Nf3 {[%emt 0:01:57]} Bf8 {[%emt 0:06:44]} 31. Nc5 {[%emt 0:02:28]} Nxc5 {[%emt 0:00:33]} 32. Bxc5 {[%emt 0:00:04]} Rc7 {[%emt 0:01:44]} 33. Rxc7 {[%emt 0:00:57]} Nxc7 {[%emt 0:00:01]} 34. Bb6 {[%emt 0:00:53]} Nd5 {[%emt 0:00:23]} 35. Bd4 {[%emt 0:00:19]} b4 {[%emt 0:00:26]} 36. Kf1 {[%emt 0:03:33]} Bg7 {[%emt 0:02:24]} 37. Rb3 {[%emt 0:00:49]} Bxd4 {[%emt 0:02:52]} 38. Nxd4 {[%emt 0:00:03]} Re4 {[%emt 0:00:27]} 39. Nc2 {[%emt 0:01:52]} Rc4 {[%emt 0:00:30]} 40. Ne1 {[%emt 0:00:24]} Rc3 {[%emt 0:00:41]} 41. Rb1 {[%emt 0:00:27]} Kf8 {[%emt 0:06:02]} 42. Ke2 {[%emt 0:00:35]} Ke7 {[%emt 0:02:18]} 43. Kd2 {[%emt 0:00:54]} Rc4 {[%emt 0:01:33]} 0-1